| 000 | 00610ntaaa2200205 4500 | ||
|---|---|---|---|
| 003 | 01 | ||
| 005 | 20251027202830.0 | ||
| 008 | 0714s1973 ag 01 | ||
| 040 |
_aAR-BaBN _bspa _cAR-BaBN _eaacr _dRIC |
||
| 082 | _a268.6000 M22 | ||
| 100 |
_aMcMillin, Joe L _928935 |
||
| 245 | _aHow to make your teaching count | ||
| 250 | _a1 ed. | ||
| 260 |
_aNashville : _bBroadman Press, _cc1965 |
||
| 300 | _a55 p | ||
| 500 | _aNuevas posibilidades en la comprensión personal entre el maestro de la escuela dominical y sus alumnos | ||
| 650 |
_aeducación religiosa _94601 |
||
| 650 |
_aenseñanza _92886 |
||
| 942 | _cBK | ||
| 999 |
_c23728 _d23728 |
||